000 00678cam a22002413a 4500
001 24470
003 PGUSA
005 20140828083526.0
008 080131s2008||||xxu|||||s|||||000 1 eng d
040 _aPGUSA
_beng
042 _adc
050 4 _aPR
100 1 _aMarryat, Frederick,
_d1792-1848
245 1 0 _aJaphet in Search of a Father
_h[electronic resource] /
_cFrederick Marryat
260 _bProject Gutenberg,
_c2008
506 _aPublic domain in the USA.
516 _aElectronic text
653 _aEngland -- Fiction
653 _aFoundlings -- Fiction
830 0 _aProject Gutenberg
_v24470
856 4 0 _uhttp://www.gutenberg.org/ebooks/24470
942 _cEB
999 _c253725
_d253725